| 000 | 03028cam a22006734i 4500 | ||
|---|---|---|---|
| 003 | PE-LiUPU | ||
| 005 | 20250731170425.0 | ||
| 008 | 190125s2017 pe a r 000 0 spa d | ||
| 020 | _a6124234777 | ||
| 020 | _a9786124234774 | ||
| 035 | _a(Sirsi) a251452 | ||
| 040 |
_aPE-LiUPU _bspa _cPE-LiUPU _erda |
||
| 049 | _aPRUA | ||
| 082 | 0 | 4 |
_a150.9 _bA35 _223 |
| 100 | 1 |
_aAlarcón, reynaldo, _eautor. |
|
| 245 | 1 | 0 |
_aHistoría de la psicología en el Perú : _bDe la colonia a la república / _cReynaldo Alarcón. |
| 264 | 1 |
_aLima, Perú : _bUniversitaria, _c2017. |
|
| 300 |
_a269 páginas : _bilustraciones ; _c24 centímetros |
||
| 336 |
_atext _2rdacontent |
||
| 337 |
_aunmediated _2rdamedia |
||
| 338 |
_avolume _2rdacarrier |
||
| 504 | _aBibliografía: páginas 225-251. | ||
| 505 | 0 | _aLas ideas filosófico -- Psicológicas en el Perú colonial -- Las ideas filosófico- Psicológicas en el Perú republicano (1821-1920) --Los pioneros: Walter Blumenfeld y Honorio delgado -- Aportes de la psiquiatría y de la pedagogía al desarrollo de la Psicología -- La formación de los Psicólogos -- La Psicología y sus aplicaciones -- La investigación científica -- Observaciones finales. | |
| 526 | _aSEG68 | ||
| 526 | _aSEG70 | ||
| 526 | _aSEG69 | ||
| 526 | _aSEG67 | ||
| 526 | _aSEG43 | ||
| 526 | _aP144 | ||
| 526 | _aP143 | ||
| 526 | _aP131 | ||
| 526 | _aP122 | ||
| 526 | _aP120 | ||
| 526 | _aP117 | ||
| 526 | _aP112 | ||
| 526 | _aP110 | ||
| 526 | _aP106 | ||
| 526 | _aP101 | ||
| 526 | _aP80 | ||
| 526 | _aP59 | ||
| 526 | _aP54 | ||
| 526 | _aP35 | ||
| 526 | _aP33 | ||
| 526 | _aP30 | ||
| 541 | _gF00-00000832; | ||
| 541 | _g002-00001571; | ||
| 541 | _gF002-00002206; | ||
| 650 | 0 | 4 | _aPsicología -Perú - Historía. |
| 910 |
_armch _btqv _cjfb _d20190124 |
||
| 910 |
_abgr _bksl _cksl _d20190813 |
||
| 942 |
_2ddc _cBOOK |
||
| 949 |
_a150.9 A35 2017 _wDEWEY _c1 _iFJ12442 _lCCODEBUJ1 _mBUJ _p13.00 _r0 _sY _tBOOK _u2019-01-25 _xSALUD _zPSICOLOGÍA _0COMPRA _o.STAFF. Colección General Juliaca |
||
| 949 |
_a150.9 A35 2017 _wDEWEY _c1 _iFT04268 _lCCODEBUT1 _mBUT _p12.00 _r0 _sY _tBOOK _u2022-03-29 _xSALUD _zPSICOLOGÍA _0COMPRA _o.STAFF. Colección General Tarapoto |
||
| 994 |
_aCO _bPEPRU |
||
| 596 | _a1 2 3 | ||
| 999 |
_a150.9 A35 2017 _wDEWEY _c30852 _iFJ12442 _d30852 _e2019-3-20 _f2022-1-17 _g3 _lCCODEBUJ1 _mBUJ _n4 _p13.00 _q15 _r1 _sY _tBOOK _u2019-1-25 _xSALUD _zP33 _0COMPRA _1FCOMPR2 _2UNKNOWN _o.STAFF. Colección General juliaca |
||
| 999 |
_a150.9 A35 2017 _wDEWEY _c1 _i80532 _d2022-7-18 _e2022-7-4 _f2021-11-3 _g3 _lCCODEBUL1 _mBUL _n11 _p11.81 _q2 _r0 _sY _tBOOK _u2019-8-13 _xSALUD _zP33 _0COMPRA _1FCOMPR3 _o.STAFF. Colección Ciencias de la Salud |
||
| 999 |
_a150.9 A35 2017 _wDEWEY _c1 _iFT04268 _lCCODEBUT1 _mBUT _p12.00 _r0 _sY _tBOOK _u2022-3-29 _xSALUD _PP33 _0COMPRA _1FCOMPR4 |
||
| 980 |
_81 _gALBERTO SANCHEZ Responsable de Automatización |
||